|
|
|
|
| LEADER |
00000nam0a2200000 4500 |
| 001 |
254218 |
| 005 |
20231101232921.0 |
| 035 |
|
|
|a (RuTPU)RU\TPU\book\276650
|
| 090 |
|
|
|a 254218
|
| 100 |
|
|
|a 20140319d1981 k y0rusy50 ca
|
| 101 |
0 |
|
|a rus
|
| 102 |
|
|
|a RU
|
| 105 |
|
|
|a y z 001zy
|
| 200 |
1 |
|
|a Обратные задачи динамики
|f А. С. Галиуллин
|
| 210 |
|
|
|a Москва
|c Наука
|d 1981
|
| 215 |
|
|
|a 144 с.
|c ил.
|
| 320 |
|
|
|a Библиогр.: с. 141-143.
|
| 606 |
1 |
|
|a Динамика
|x Обратные задачи
|2 stltpush
|3 (RuTPU)RU\TPU\subj\9508
|9 36739
|
| 610 |
1 |
|
|a задачи
|
| 610 |
1 |
|
|a уравнения движения
|
| 610 |
1 |
|
|a построение
|
| 610 |
1 |
|
|a устойчивые системы
|
| 610 |
1 |
|
|a функции Ляпунова
|
| 610 |
1 |
|
|a применение
|
| 610 |
1 |
|
|a программное движение
|
| 610 |
1 |
|
|a тело
|
| 610 |
1 |
|
|a функционалы
|
| 610 |
1 |
|
|a линейные интегралы
|
| 675 |
|
|
|a 531.3
|v 3
|
| 700 |
|
1 |
|a Галиуллин
|b А. С.
|g Абдельхак Сафиуллович
|
| 801 |
|
1 |
|a RU
|b 63413507
|c 20140319
|
| 801 |
|
2 |
|a RU
|b 63413507
|c 20140528
|g RCR
|
| 942 |
|
|
|c BK
|